| 000 | 01516nam0a22003251 4500 | ||
|---|---|---|---|
| 001 | rc\3193178 | ||
| 005 | 20250530100611.0 | ||
| 021 |
_aRU _b[77-3187] |
||
| 035 | _a(NLR Aleph) 007352070 | ||
| 090 |
_a6219447 _c6219447 |
||
| 100 | _a20120628d1976 |||y0rusy50 ca | ||
| 101 | 1 |
_arus _cger |
|
| 102 | _aRU | ||
| 105 | _aa z ||||| | ||
| 200 | 1 |
_aФизическая подготовка футболистов _e(Пер. с нем.) _fК. Гриндлер, Х. Пальке, Х. Хеммо |
|
| 210 |
_aМосква _cФизкультура и спорт _d1976 |
||
| 215 |
_a231 с. _cил. _d20 |
||
| 311 | _aПеревод изд.: Fussball-praxiskonditionstraining / Karlheinz Grindler, Herbert Pahlke, Harry Hemmo (Stuttgart, 1973) | ||
| 454 | 0 |
_12001#$aFussball-praxiskonditionstraining$fKarlheinz Grindler, Herbert Pahlke, Harry Hemmo _1210##$aStuttgart$d1973 _1700#1$aGrindler$bK.$gKarlheinz _1701#1$aPahlke$bH.$gHerbert _1701#1$aHemmo$bH.$gHarry _tFussball-praxiskonditionstraining _aGrindler, Karlheinz |
|
| 606 |
_aФутболисты _xФизическая подготовка _91870277 _3RU\NLR\AUTH\661139923 |
||
| 606 | 1 |
_aФутбол _xФизическая подготовка _92296657 _3RU\NLR\AUTH\6601602148 |
|
| 700 | 1 |
_aГриндлер _bК. _gКарлхейнц |
|
| 701 | 1 |
_aПальке _bХ. _gХерберт |
|
| 701 | 1 |
_aХеммо _bХ. _gХарри |
|
| 801 | 0 |
_aRU _bNLR _gpsbo |
|
| 801 | 1 |
_aRU _bELAR _2rusmarc |
|
| 852 |
_aNLR _j77-3/5543 |
||
| 942 | _cBOOK | ||
| 980 | _aNB | ||